Afrikan 10 väkirikkainta valtiota - Statistics

Yleistilastot
  • Tätä visaa on pelattu 1 457 kertaa
  • Keskiarvotulos 9 / 10
Vastaustilastot
Väkiluku Valtio % Oikein
224 milj. Nigeria
97%
113 milj. Egypti
96%
60,4 milj. Etelä-Afrikka
96%
102 milj. Kongon dem. tasavalta
93%
126 milj. Etiopia
87%
45,6 milj. Algeria
85%
55,1 milj. Kenia
85%
48,1 milj. Sudan
83%
67,4 milj. Tansania
79%
48,6 milj. Uganda
56%
Ehtoja vastaavia visoja ei löytynyt
Tulosjakauma
Jokaisen tuloksen saaneiden osuus
Persentiili vastausten määrän mukaan
Tuloshistoriasi
Et ole pelannut tätä visaa